La Communauté Européenne et son ordre juridique

Gorde:
Xehetasun bibliografikoak
Erakunde egilea: Comisión de las Comunidades Europeas
Formatua: Texto
Argitaratua: Luxembourg: CE
Etiketak: Etiketa erantsi
Etiketarik gabe, Izan zaitez lehena erregistro honi etiketa jartzen!

MARC

LEADER 00000 a a2200000 04500
001 24103
003
040
020 |a 92-825-4433-8  
090 |a 171200  
110 |a Comisión de las Comunidades Europeas  
245 |a La Communauté Européenne et son ordre juridique  
260 |a Luxembourg:   |b CE  
300 |a 43 p  
999 |c 11618  |d 11618